[Event "Titled Tuesday intern op 09th Jul Early"]
[Site "Chess.com INT"]
[Date "2024.07.09"]
[Round "6"]
[White "Mostbauer, Maximilian"]
[Black "Abramov, Alexander"]
[Result "1-0"]
[WhiteElo "2157"]
[BlackElo "2198"]
[PlyCount "61"]
[EventDate "2024.07.09"]
[EventType "swiss (blitz)"]
[EventRounds "11"]
[EventCountry "USA"]
[SourceTitle "EXT 2025"]
[Source "ChessBase"]
[SourceDate "2024.10.14"]
[SourceVersion "1"]
[SourceVersionDate "2024.10.14"]
[SourceQuality "1"]

1. d4 d5 2. Nf3 Nc6 3. g3 Bg4 4. Bg2 Bxf3 5. exf3 e6 6. 0-0 Bd6 7. b3 Nf6 8. Bb2 0-0 9. f4 Nd7 10. Nd2 Be7 11. c4 dxc4 12. Nxc4 a6 13. Rc1 b5 14. Ne5 Ncxe5 15. Bxa8 Qxa8 16. dxe5 Bc5 17. Qxd7 Rd8 18. Qxc7 Ba7 19. Rfd1 Rxd1+ 20. Rxd1 h6 21. Rd7 Bxf2+ 22. Kxf2 Kh7 23. Qd6 h5 24. Qd3+ Kh6 25. f5 exf5 26. Bc1+ g5 27. Rd6+ Kg7 28. Qxf5 Qa7+ 29. Be3 Qb7 30. Qf6+ Kf8 31. Rd8# 1-0

[Event "Titled Tuesday intern op 09th Jul Early"]
[Site "Chess.com INT"]
[Date "2024.07.09"]
[Round "1"]
[White "Radzimski, Antoni"]
[Black "Abramov, Alexander"]
[Result "1-0"]
[WhiteElo "2038"]
[BlackElo "2198"]
[PlyCount "43"]
[EventDate "2024.07.09"]
[EventType "swiss (blitz)"]
[EventRounds "11"]
[EventCountry "USA"]
[SourceTitle "EXT 2025"]
[Source "ChessBase"]
[SourceDate "2024.10.14"]
[SourceVersion "1"]
[SourceVersionDate "2024.10.14"]
[SourceQuality "1"]

1. e4 d5 2. exd5 Qxd5 3. Nc3 Qd8 4. d4 Nf6 5. Nf3 e6 6. Be2 Be7 7. 0-0 0-0 8. Bf4 c6 9. Bd3 Bd6 10. Bg5 h6 11. Bh4 g5 12. Bg3 Bxg3 13. hxg3 Re8 14. Ne5 Nbd7 15. Qe2 Nxe5 16. Qxe5 Kg7 17. f4 gxf4 18. Rxf4 Bd7 19. Raf1 c5 20. Rxf6 Bc6 21. Rxf7+ Kg8 22. Qg7# 1-0

[Event "Titled Tuesday intern op 15th Feb Early"]
[Site "Chess.com INT"]
[Date "2022.02.15"]
[Round "5"]
[White "Ferreira, Vitor Hugo Vieira"]
[Black "Abramov, Alexander"]
[Result "1-0"]
[WhiteElo "2123"]
[BlackElo "2198"]
[PlyCount "89"]
[EventDate "2022.02.15"]
[EventType "swiss (blitz)"]
[EventRounds "11"]
[EventCountry "USA"]
[SourceTitle "CBM 206 Extra"]
[Source "ChessBase"]
[SourceDate "2022.03.31"]
[SourceVersion "1"]
[SourceVersionDate "2022.03.31"]
[SourceQuality "1"]

1. Nf3 Nf6 2. g3 g6 3. Bg2 Bg7 4. 0-0 0-0 5. c3 e6 6. d4 d5 7. Nbd2 Nbd7 8. Re1 c5 9. e4 cxd4 10. e5 dxc3 11. exf6 cxd2 12. Bxd2 Bxf6 13. Bh6 Bg7 14. Bg5 Qb6 15. Re2 h6 16. Be3 Qa6 17. Qd2 Kh7 18. h4 Nb6 19. Bd4 Nc4 20. Qc3 Bxd4 21. Qxd4 Qb6 22. Qf6 Qd8 23. Qd4 Qb6 24. Qf6 Qd8 25. Qf4 Kg7 26. b3 Nd6 27. h5 Nf5 28. hxg6 fxg6 29. Qe5+ Qf6 30. Qc7+ Rf7 31. Qc1 Nd4 32. Re3 Bd7 33. Qd1 Nf5 34. Re2 Raf8 35. Ne5 Bc6 36. Nxf7 Rxf7 37. Rc1 Nd6 38. Qd2 Ne4 39. Qe3 Ng5 40. f4 Ne4 41. Kh2 h5 42. Qxa7 Qe7 43. Qd4+ Nf6 44. f5 gxf5 45. Rce1 1-0

[Event "Titled Tuesday intern op 15th Feb Early"]
[Site "Chess.com INT"]
[Date "2022.02.15"]
[Round "3"]
[White "Ratnakaran, Kantoli"]
[Black "Abramov, Alexander"]
[Result "1-0"]
[WhiteElo "2316"]
[BlackElo "2198"]
[PlyCount "69"]
[EventDate "2022.02.15"]
[EventType "swiss (blitz)"]
[EventRounds "11"]
[EventCountry "USA"]
[SourceTitle "CBM 206 Extra"]
[Source "ChessBase"]
[SourceDate "2022.03.31"]
[SourceVersion "1"]
[SourceVersionDate "2022.03.31"]
[SourceQuality "1"]

1. e4 c5 2. Nf3 e6 3. d3 d5 4. Nbd2 Nc6 5. g3 Nf6 6. Bg2 g6 7. 0-0 Bg7 8. Re1 0-0 9. c3 a5 10. e5 Nd7 11. d4 f6 12. exf6 Nxf6 13. dxc5 e5 14. Nxe5 Nxe5 15. Rxe5 Ne4 16. Rxe4 dxe4 17. Bxe4 Qc7 18. Qb3+ Kh8 19. Qb6 Qf7 20. c6 bxc6 21. Nf3 h6 22. Be3 Bf5 23. Bxc6 Rab8 24. Qxa5 Rxb2 25. Nh4 Bd3 26. Rd1 Rxf2 27. Rxd3 Rf1+ 28. Kg2 Rf2+ 29. Bxf2 Qxf2+ 30. Kh3 Qf1+ 31. Bg2 Qxd3 32. Qd5 Qxd5 33. Nxg6+ Kg8 34. Bxd5+ Rf7 35. c4 1-0

[Event "Titled Tuesday intern op 05th Oct"]
[Site "Chess.com INT"]
[Date "2021.10.05"]
[Round "3"]
[White "Abramov, Alexander"]
[Black "Gubanov, Oleg"]
[Result "0-1"]
[WhiteElo "2198"]
[BlackElo "2258"]
[PlyCount "60"]
[EventDate "2021.10.05"]
[EventType "swiss (blitz)"]
[EventRounds "11"]
[EventCountry "USA"]
[SourceTitle "CBM 204 Extra"]
[Source "ChessBase"]
[SourceDate "2021.11.30"]
[SourceVersion "1"]
[SourceVersionDate "2021.11.30"]
[SourceQuality "1"]

1. e4 Nf6 2. e5 Nd5 3. d4 d6 4. Bc4 dxe5 5. dxe5 c6 6. Qe2 Bf5 7. Nf3 e6 8. 0-0 Nd7 9. h3 Be7 10. Rd1 Qc7 11. Bd3 Bxd3 12. Rxd3 0-0 13. c4 N5b6 14. b3 Rad8 15. Bb2 Nc5 16. Rxd8 Rxd8 17. Nc3 Nd3 18. Ne4 Nxb2 19. Qxb2 Rd7 20. Qc2 Qd8 21. Rf1 h6 22. c5 Nd5 23. Nd6 b6 24. cxb6 Qxb6 25. Ne4 Nb4 26. Qe2 Qa5 27. Ra1 Qa3 28. Kh2 Nd3 29. Rd1 Qa6 30. b4 Qc4 0-1

[Event "Staraya Mayna Sidorov Cup"]
[Site "Staraya Mayna"]
[Date "2018.07.14"]
[Round "8"]
[White "Frolova, Marina"]
[Black "Abramov, Alexander"]
[Result "1-0"]
[WhiteElo "1806"]
[BlackElo "2179"]
[PlyCount "59"]
[EventDate "2018.07.10"]
[EventType "swiss"]
[EventRounds "9"]
[EventCountry "RUS"]
[SourceTitle "EXT 2019"]
[Source "ChessBase"]
[SourceDate "2018.10.10"]
[SourceVersion "1"]
[SourceVersionDate "2018.10.10"]
[SourceQuality "1"]

1. c4 Nf6 2. Nc3 g6 3. g3 Bg7 4. Bg2 0-0 5. d4 d6 6. e3 Nbd7 7. Nge2 e5 8. 0-0 Rb8 9. a3 b6 10. b4 Bb7 11. d5 Ne8 12. e4 f5 13. f4 fxe4 14. Bxe4 Nef6 15. Bg2 Qe7 16. Rb1 a6 17. Re1 Qf7 18. Bh3 Kh8 19. a4 h6 20. Be6 Qe8 21. Bh3 Qf7 22. Qc2 Rfe8 23. Rf1 e4 24. Be3 Kh7 25. Nd4 h5 26. Ne6 Ng4 27. Ng5+ Kg8 28. Bxg4 Qf6 29. Ncxe4 Qe7 30. Be6+ 1-0

[Event "Staraya Mayna Sidorov Cup"]
[Site "Staraya Mayna"]
[Date "2018.07.13"]
[Round "7"]
[White "Abramov, Alexander"]
[Black "Masyukov, Egor"]
[Result "1-0"]
[WhiteElo "2179"]
[BlackElo "1598"]
[PlyCount "126"]
[EventDate "2018.07.10"]
[EventType "swiss"]
[EventRounds "9"]
[EventCountry "RUS"]
[SourceTitle "EXT 2019"]
[Source "ChessBase"]
[SourceDate "2018.10.10"]
[SourceVersion "1"]
[SourceVersionDate "2018.10.10"]
[SourceQuality "1"]

1. d4 Nf6 2. Nf3 e6 3. g3 d5 4. Bg2 Be7 5. 0-0 0-0 6. c4 c6 7. Nc3 Nbd7 8. b3 b6 9. Bb2 Bb7 10. Re1 c5 11. cxd5 Nxd5 12. Nxd5 Bxd5 13. Rc1 cxd4 14. Bxd4 Bf6 15. Bxf6 Nxf6 16. Qc2 Rc8 17. Qb2 Qd6 18. Red1 Qe7 19. Rd2 Be4 20. Nd4 Bxg2 21. Kxg2 Qb7+ 22. Nf3 h6 23. Rdc2 Nd5 24. a3 a6 25. Kg1 b5 26. Ne5 Rxc2 27. Qxc2 Qe7 28. b4 Nb6 29. Qc7 Qg5 30. f4 Qd8 31. Qxd8 Rxd8 32. Rc6 Rb8 33. Kf2 Nc4 34. Nxc4 bxc4 35. Rxc4 Kf8 36. e4 Rb7 37. a4 Ke7 38. Ke3 Kd6 39. Kd3 g6 40. e5+ Kd7 41. Kd4 h5 42. h4 Rb6 43. Kc3 Rb7 44. Rc5 Ra7 45. Kc4 Rb7 46. b5 axb5+ 47. axb5 Ra7 48. b6 Ra1 49. Rc7+ Ke8 50. Kb5 Rb1+ 51. Kc6 Rc1+ 52. Kb7 Rb1 53. Ka7 Ra1+ 54. Kb8 Rb1 55. b7 Kd8 56. Rxf7 Rg1 57. Rf6 Rxg3 58. Rxe6 Rd3 59. Rd6+ Rxd6 60. exd6 g5 61. fxg5 Kd7 62. Ka8 Kxd6 63. b8Q+ Kc5 1-0

[Event "Staraya Mayna Sidorov Cup"]
[Site "Staraya Mayna"]
[Date "2018.07.12"]
[Round "4"]
[White "Abramov, Alexander"]
[Black "Vatutin, Petr"]
[Result "0-1"]
[WhiteElo "2179"]
[BlackElo "1693"]
[PlyCount "60"]
[EventDate "2018.07.10"]
[EventType "swiss"]
[EventRounds "9"]
[EventCountry "RUS"]
[SourceTitle "EXT 2019"]
[Source "ChessBase"]
[SourceDate "2018.10.10"]
[SourceVersion "1"]
[SourceVersionDate "2018.10.10"]
[SourceQuality "1"]

1. d4 d5 2. Nf3 Nf6 3. g3 Bf5 4. Bg2 e6 5. 0-0 h6 6. c4 c6 7. Nc3 Bd6 8. b3 0-0 9. Bb2 Nbd7 10. Re1 Bb4 11. a3 Be7 12. cxd5 cxd5 13. Ne5 Nxe5 14. dxe5 Nd7 15. f4 Qb6+ 16. Kh1 Rac8 17. Rc1 Qa6 18. b4 b5 19. e4 Bg6 20. exd5 exd5 21. Nxd5 Bd8 22. Rxc8 Qxc8 23. Qc1 Qxc1 24. Rxc1 Nb6 25. Nxb6 Bxb6 26. g4 Bd3 27. f5 Bc4 28. Bf3 Rd8 29. Rd1 Rxd1+ 30. Bxd1 Bd5+ 0-1

[Event "Khanty-Mansiysk Governor Cup 7th"]
[Site "Khanty-Mansiysk"]
[Date "2011.09.07"]
[Round "8"]
[White "Lichkun, Denis"]
[Black "Abramov, Alexander"]
[Result "0-1"]
[WhiteElo "1996"]
[BlackElo "2246"]
[PlyCount "46"]
[EventDate "2011.08.31"]
[EventType "swiss"]
[EventRounds "9"]
[EventCountry "RUS"]
[SourceTitle "CBM 144 Extra"]
[Source "ChessBase"]
[SourceDate "2011.10.28"]
[SourceVersion "1"]
[SourceVersionDate "2011.10.28"]
[SourceQuality "1"]

1. e4 c5 2. Nc3 Nc6 3. g3 g6 4. Bg2 Bg7 5. f4 e6 6. Nf3 d6 7. 0-0 Nge7 8. d3 0-0 9. g4 f5 10. gxf5 exf5 11. Re1 Nd4 12. Nxd4 Bxd4+ 13. Kh1 fxe4 14. dxe4 Nc6 15. Nb5 Qh4 16. Rf1 Bg4 17. Qd2 g5 18. Qd3 Rf6 19. c3 Ne5 20. fxe5 Bxe5 21. h3 Rxf1+ 22. Qxf1 Qg3 23. Qg1 Bf3 0-1

[Event "Khanty-Mansiysk Governor Cup 7th"]
[Site "Khanty-Mansiysk"]
[Date "2011.09.01"]
[Round "2"]
[White "Matlakov, Maxim"]
[Black "Abramov, Alexander"]
[Result "1-0"]
[WhiteElo "2632"]
[BlackElo "2246"]
[PlyCount "55"]
[EventDate "2011.08.31"]
[EventType "swiss"]
[EventRounds "9"]
[EventCountry "RUS"]
[SourceTitle "CBM 144 Extra"]
[Source "ChessBase"]
[SourceDate "2011.10.28"]
[SourceVersion "1"]
[SourceVersionDate "2011.10.28"]
[SourceQuality "1"]

1. d4 Nf6 2. c4 e6 3. g3 d5 4. Bg2 Nc6 5. Nf3 Bb4+ 6. Bd2 Qe7 7. 0-0 Bxd2 8. Nbxd2 0-0 9. Rc1 Rd8 10. Qb3 e5 11. cxd5 Nxd5 12. e4 Nb6 13. d5 Nb4 14. a3 Na6 15. Qc3 Re8 16. Nb3 Bd7 17. Na5 Na4 18. Qc2 Rab8 19. b4 f6 20. Rfd1 Nb6 21. Qa2 Qf7 22. Bf1 Ba4 23. Rd2 Rbc8 24. Nxb7 Rb8 25. Nc5 c6 26. Nxa4 Nxa4 27. Bh3 Nc3 28. Rxc3 1-0

[Event "Khanty-Mansiysk Governor Cup 6th"]
[Site "Khanty-Mansiysk"]
[Date "2010.09.23"]
[Round "7"]
[White "Abramov, Alexander"]
[Black "Vokarev, Sergey"]
[Result "0-1"]
[WhiteElo "2208"]
[BlackElo "2508"]
[PlyCount "74"]
[EventDate "2010.09.17"]
[EventType "swiss"]
[EventRounds "10"]
[EventCountry "RUS"]
[SourceTitle "CBM 138 Extra"]
[Source "ChessBase"]
[SourceDate "2010.10.29"]
[SourceVersion "1"]
[SourceVersionDate "2010.10.29"]
[SourceQuality "1"]

1. e4 c5 2. Nf3 Nc6 3. d4 cxd4 4. Nxd4 g6 5. Nc3 Bg7 6. Be3 Nf6 7. Bc4 Qa5 8. 0-0 0-0 9. Bb3 d6 10. h3 Bd7 11. f4 Nxd4 12. Bxd4 Bc6 13. Qe1 Qb4 14. Rd1 Nxe4 15. Bxg7 Kxg7 16. Nxe4 Qxe4 17. Qxe4 Bxe4 18. Rfe1 f5 19. Bd5 Bxd5 20. Rxd5 Kf7 21. c4 Rac8 22. b3 b6 23. Kf2 Rc5 24. Rd3 Rfc8 25. h4 b5 26. cxb5 Rxb5 27. h5 Rc2+ 28. Re2 Rbc5 29. hxg6+ hxg6 30. a3 R5c3 31. Rxc2 Rxd3 32. Rc7 a5 33. Ra7 Rd5 34. Rb7 Kf6 35. Ke3 e5 36. b4 exf4+ 37. Kxf4 Rd3 0-1

[Event "Khanty-Mansiysk Governor Cup 6th"]
[Site "Khanty-Mansiysk"]
[Date "2010.09.18"]
[Round "2"]
[White "Abramov, Alexander"]
[Black "Magomedov, Magaram"]
[Result "0-1"]
[WhiteElo "2208"]
[BlackElo "2511"]
[PlyCount "74"]
[EventDate "2010.09.17"]
[EventType "swiss"]
[EventRounds "10"]
[EventCountry "RUS"]
[SourceTitle "CBM 138 Extra"]
[Source "ChessBase"]
[SourceDate "2010.10.29"]
[SourceVersion "1"]
[SourceVersionDate "2010.10.29"]
[SourceQuality "1"]

1. e4 c5 2. Nf3 e6 3. d4 cxd4 4. Nxd4 a6 5. Bd3 Nf6 6. c4 Nc6 7. Nxc6 dxc6 8. 0-0 e5 9. Nc3 Be6 10. Qc2 Be7 11. a3 0-0 12. Bg5 Nd7 13. Bxe7 Qxe7 14. b4 Rfd8 15. Rfd1 a5 16. c5 Nf8 17. Bf1 axb4 18. axb4 Rxa1 19. Rxa1 Rd4 20. Qb2 Qd8 21. b5 Rd2 22. Qb4 Qd4 23. Qxd4 exd4 24. bxc6 bxc6 25. Na4 g5 26. Ra3 Nd7 27. f3 Ne5 28. Nb6 Kg7 29. Ra4 d3 30. Rd4 h5 31. h4 Kf6 32. Rd6 Rd1 33. hxg5+ Kxg5 34. Kf2 h4 35. Na4 Kf4 36. Rd8 Rd2+ 37. Ke1 Ke3 0-1

[Event "Khanty-Mansiysk Governor Cup-B 5th"]
[Site "Khanty-Mansiysk"]
[Date "2009.11.27"]
[Round "4"]
[White "Abramov, Alexander"]
[Black "Brigov, Igor"]
[Result "1-0"]
[WhiteElo "2232"]
[BlackElo "2026"]
[PlyCount "65"]
[EventDate "2009.11.24"]
[EventType "swiss"]
[EventRounds "11"]
[EventCountry "RUS"]
[SourceTitle "EXT 2011"]
[Source "ChessBase"]
[SourceDate "2010.11.26"]
[SourceVersion "1"]
[SourceVersionDate "2010.11.26"]
[SourceQuality "1"]

1. e4 e5 2. Nf3 d6 3. d4 Nf6 4. Nc3 Nbd7 5. Bc4 Be7 6. 0-0 0-0 7. h3 c6 8. a4 Nxe4 9. Nxe4 d5 10. Nxe5 Nxe5 11. dxe5 dxc4 12. Nd6 Bxd6 13. Qxd6 Bf5 14. c3 Qb6 15. a5 Qb5 16. Qd4 Rfe8 17. Re1 Rad8 18. Qxa7 Ra8 19. Qd4 Rxa5 20. Rxa5 Qxa5 21. Qf4 Be6 22. Qg3 Kf8 23. Bg5 Ra8 24. Rd1 Qa4 25. Rd2 Qa1+ 26. Kh2 Qf1 27. Qe3 Kg8 28. Qb6 h6 29. Qxb7 Ra1 30. Be3 Qh1+ 31. Kg3 Bxh3 32. Qxc6 Bxg2 33. Qc8+ 1-0

[Event "Raduzhny"]
[Site "Raduzhny"]
[Date "2009.11.18"]
[Round "5"]
[White "Amaev, Ahmed"]
[Black "Abramov, Alexander"]
[Result "1-0"]
[WhiteElo "2329"]
[BlackElo "2212"]
[PlyCount "109"]
[EventDate "2009.11.16"]
[EventType "tourn"]
[EventRounds "9"]
[EventCountry "RUS"]
[SourceTitle "EXT 2012"]
[Source "ChessBase"]
[SourceDate "2011.11.24"]
[SourceVersion "1"]
[SourceVersionDate "2011.11.24"]
[SourceQuality "1"]

1. d4 d5 2. Bf4 Bf5 3. e3 e6 4. Bd3 Bxd3 5. Qxd3 c6 6. Nf3 Nf6 7. Ne5 Nbd7 8. Nd2 Be7 9. 0-0 0-0 10. Bg3 Nh5 11. Qe2 g6 12. c3 f5 13. f4 Nxg3 14. hxg3 Bd6 15. Nxd7 Qxd7 16. Nf3 c5 17. Ng5 Be7 18. Nf3 Bd6 19. Kf2 c4 20. Rh1 Rae8 21. Rh6 Rf7 22. Rah1 Ree7 23. Ng5 Rg7 24. g4 b5 25. a3 a5 26. Qd1 a4 27. Qf3 Bc7 28. Qg3 Bb8 29. Nf3 Bc7 30. Qh3 Bb8 31. Ke2 Bc7 32. Kd2 Bb8 33. Kc2 Bc7 34. Kb1 Bb8 35. Ka1 Bc7 36. Ka2 Bb8 37. Nh4 Qe8 38. Nf3 Qd7 39. Qh4 Bc7 40. Qf6 Ref7 41. Qh4 Bd8 42. Qh3 Bc7 43. Nh4 g5 44. fxg5 Rxg5 45. gxf5 exf5 46. Nf3 Rgg7 47. Ne5 Bxe5 48. dxe5 Qe7 49. Qh2 Rf8 50. Qf4 Qg5 51. Rxh7 Qxf4 52. Rxg7+ Kxg7 53. exf4 Kg6 54. Rh3 Rf7 55. Rh8 1-0

[Event "Raduzhny"]
[Site "Raduzhny"]
[Date "2009.11.17"]
[Round "3"]
[White "Abramov, Alexander"]
[Black "Gardaloev, Zautdin"]
[Result "0-1"]
[WhiteElo "2212"]
[BlackElo "2302"]
[PlyCount "34"]
[EventDate "2009.11.16"]
[EventType "tourn"]
[EventRounds "9"]
[EventCountry "RUS"]
[SourceTitle "EXT 2012"]
[Source "ChessBase"]
[SourceDate "2011.11.24"]
[SourceVersion "1"]
[SourceVersionDate "2011.11.24"]
[SourceQuality "1"]

1. d4 Nf6 2. c4 e6 3. g3 Be7 4. Bg2 d5 5. Nc3 c6 6. Nf3 Nbd7 7. 0-0 0-0 8. Bf4 a6 9. b3 b5 10. cxd5 cxd5 11. Ne5 Bb7 12. Rc1 Nxe5 13. Bxe5 Rc8 14. f3 Nd7 15. Bf4 Qa5 16. Qd2 Bb4 17. e3 Rxc3 0-1

[Event "Raduzhny"]
[Site "Raduzhny"]
[Date "2009.11.16"]
[Round "1"]
[White "Abramov, Alexander"]
[Black "Kryuk, Marina"]
[Result "0-1"]
[WhiteElo "2212"]
[BlackElo "2192"]
[PlyCount "58"]
[EventDate "2009.11.16"]
[EventType "tourn"]
[EventRounds "9"]
[EventCountry "RUS"]
[SourceTitle "EXT 2012"]
[Source "ChessBase"]
[SourceDate "2011.11.24"]
[SourceVersion "1"]
[SourceVersionDate "2011.11.24"]
[SourceQuality "1"]

1. e4 c5 2. Nf3 Nc6 3. d4 cxd4 4. Nxd4 Nf6 5. Nc3 e5 6. Ndb5 d6 7. Bg5 a6 8. Na3 b5 9. Nd5 Be7 10. Nxe7 Qxe7 11. c3 0-0 12. Qf3 Rd8 13. Nc2 Be6 14. Bd3 d5 15. Bxf6 Qxf6 16. Qxf6 gxf6 17. exd5 Bxd5 18. Be2 Be4 19. Ne3 Bd3 20. Bxd3 Rxd3 21. Ke2 e4 22. f3 Rad8 23. fxe4 Rd2+ 24. Kf3 Ne5+ 25. Kf4 R8d3 26. Raf1 Ng6+ 27. Kf3 Rxb2 28. h4 h5 29. g3 Rc2 0-1

[Event "Khanty-Mansiysk Governor Cup-B 4th"]
[Site "Khanty-Mansiysk"]
[Date "2008.10.20"]
[Round "7"]
[White "Stavskaya, Olga"]
[Black "Abramov, Alexander"]
[Result "1/2-1/2"]
[WhiteElo "2081"]
[BlackElo "2226"]
[PlyCount "48"]
[EventDate "2008.10.15"]
[EventType "swiss"]
[EventRounds "11"]
[EventCountry "RUS"]
[SourceTitle "EXT 2022"]
[Source "ChessBase"]
[SourceDate "2021.10.06"]
[SourceVersion "1"]
[SourceVersionDate "2021.10.06"]
[SourceQuality "1"]

1. d4 Nf6 2. Nf3 d5 3. g3 Bf5 4. Bg2 e6 5. 0-0 Nbd7 6. Nbd2 Bd6 7. c4 c6 8. Nh4 Bg6 9. Nxg6 hxg6 10. e4 dxe4 11. Nxe4 Nxe4 12. Bxe4 Nf6 13. Bg2 Qa5 14. Qf3 Qh5 15. Qxh5 Rxh5 16. Bd2 0-0-0 17. Bf3 Rh3 18. Bg2 Rh5 19. Bf3 Rh7 20. Rfd1 Kb8 21. a4 Rhh8 22. a5 Bc7 23. Bc3 Rd7 24. a6 Rhd8 1/2-1/2

[Event "Khanty-Mansiysk Governor Cup-B 4th"]
[Site "Khanty-Mansiysk"]
[Date "2008.10.18"]
[Round "5"]
[White "Ivanets, Vladimir1"]
[Black "Abramov, Alexander"]
[Result "1/2-1/2"]
[WhiteElo "2244"]
[BlackElo "2226"]
[PlyCount "65"]
[EventDate "2008.10.15"]
[EventType "swiss"]
[EventRounds "11"]
[EventCountry "RUS"]
[SourceTitle "EXT 2022"]
[Source "ChessBase"]
[SourceDate "2021.10.06"]
[SourceVersion "1"]
[SourceVersionDate "2021.10.06"]
[SourceQuality "1"]

1. b4 e5 2. Bb2 d6 3. d4 exd4 4. Qxd4 Nc6 5. Qd2 Nf6 6. b5 Ne5 7. e3 Be6 8. Nf3 Nc4 9. Bxc4 Bxc4 10. Na3 Be6 11. Nd4 Bd7 12. 0-0 Be7 13. Qd3 Qc8 14. e4 0-0 15. Nc4 d5 16. exd5 Nxd5 17. a4 Bf6 18. Nf3 Bxb2 19. Nxb2 c6 20. c4 Bf5 21. Qb3 Nf4 22. Nd4 Bg6 23. Qf3 Ne6 24. Nxe6 Qxe6 25. Rfe1 Qc8 26. Qh3 Re8 27. Re3 Rxe3 28. Qxe3 Qe8 29. Qc3 h6 30. Re1 Qd7 31. Qe3 cxb5 32. axb5 a6 33. Rd1 1/2-1/2

[Event "Khanty-Mansiysk Governor Cup-B 4th"]
[Site "Khanty-Mansiysk"]
[Date "2008.10.17"]
[Round "4"]
[White "Abramov, Alexander"]
[Black "Churaev, Vadim"]
[Result "1-0"]
[WhiteElo "2226"]
[BlackElo "2170"]
[PlyCount "67"]
[EventDate "2008.10.15"]
[EventType "swiss"]
[EventRounds "11"]
[EventCountry "RUS"]
[SourceTitle "EXT 2022"]
[Source "ChessBase"]
[SourceDate "2021.10.06"]
[SourceVersion "1"]
[SourceVersionDate "2021.10.06"]
[SourceQuality "1"]

1. e4 d6 2. d4 Nf6 3. Nc3 c6 4. f3 Nbd7 5. Be3 e5 6. Qd2 Be7 7. g4 exd4 8. Bxd4 Ne5 9. 0-0-0 Be6 10. h4 Qa5 11. Kb1 h6 12. Rh2 0-0-0 13. Nd5 Qxd2 14. Nxe7+ Kd7 15. Rhxd2 Kxe7 16. b3 b6 17. Bg2 Ng6 18. h5 Nf4 19. Bf1 Bc8 20. Be3 Ne6 21. c4 g6 22. hxg6 fxg6 23. Ne2 Bb7 24. Nf4 Nxf4 25. Bxf4 d5 26. cxd5 cxd5 27. g5 hxg5 28. Bxg5 Rh5 29. Rg2 Ke6 30. e5 Rxg5 31. Rxg5 Nh5 32. Rxg6+ Kxe5 33. Bd3 Nf4 34. Rg7 1-0

[Event "Khanty-Mansiysk HMAO-ch"]
[Site "Khanty-Mansiysk"]
[Date "2008.01.29"]
[Round "8"]
[White "Abramov, Alexander"]
[Black "Pridorozhni, Aleksei"]
[Result "0-1"]
[WhiteElo "2243"]
[BlackElo "2519"]
[PlyCount "68"]
[EventDate "2008.01.25"]
[EventType "swiss"]
[EventRounds "9"]
[EventCountry "RUS"]
[SourceTitle "EXT 2009"]
[Source "ChessBase"]
[SourceDate "2008.11.26"]
[SourceVersion "1"]
[SourceVersionDate "2008.11.26"]
[SourceQuality "1"]

1. e4 d6 2. d4 Nf6 3. Nc3 Nbd7 4. Nf3 e5 5. Bc4 Be7 6. 0-0 0-0 7. Qe2 c6 8. a4 a5 9. b3 exd4 10. Nxd4 Ne5 11. Rd1 Nxc4 12. Qxc4 Re8 13. Qf1 Bf8 14. f3 d5 15. exd5 Nxd5 16. Nxd5 Qxd5 17. c4 Qe5 18. Bb2 Qh5 19. Ne2 Qg5 20. Kh1 Bf5 21. Nd4 Bg6 22. f4 Qh4 23. f5 Bh5 24. Rd3 Qe4 25. Rg3 Rad8 26. Qf2 g6 27. Rf1 Rd7 28. Nf3 Qxf5 29. Rg5 Qf4 30. Be5 Qe4 31. Re1 Qd3 32. Re3 Qd1+ 33. Re1 Bxf3 34. gxf3 Qxb3 0-1

[Event "Khanty-Mansiysk HMAO-ch"]
[Site "Khanty-Mansiysk"]
[Date "2008.01.25"]
[Round "2"]
[White "Kabanov, Nikolai"]
[Black "Abramov, Alexander"]
[Result "1-0"]
[WhiteElo "2517"]
[BlackElo "2243"]
[PlyCount "85"]
[EventDate "2008.01.25"]
[EventType "swiss"]
[EventRounds "9"]
[EventCountry "RUS"]
[SourceTitle "EXT 2009"]
[Source "ChessBase"]
[SourceDate "2008.11.26"]
[SourceVersion "1"]
[SourceVersionDate "2008.11.26"]
[SourceQuality "1"]

1. Nf3 c5 2. Nc3 Nf6 3. e4 d6 4. d4 cxd4 5. Qxd4 Nc6 6. Bb5 Bd7 7. Bxc6 Bxc6 8. Bg5 e6 9. 0-0-0 Be7 10. Rhe1 0-0 11. Qd2 Qa5 12. Kb1 Rfd8 13. Nd4 Be8 14. Nd5 Qxd2 15. Nxe7+ Kf8 16. Rxd2 Kxe7 17. f4 h6 18. Bh4 Kf8 19. e5 dxe5 20. fxe5 g5 21. exf6 gxh4 22. Re4 e5 23. Rxe5 Rd6 24. Rf5 Bc6 25. Rf4 Re8 26. b3 Re4 27. Rxe4 Bxe4 28. Nf3 Rxd2 29. Nxd2 Bxg2 30. Nc4 Kg8 31. Ne5 h5 32. Kb2 Kh7 33. Kc3 Kh6 34. Kd4 Kg5 35. Nxf7+ Kxf6 36. Ne5 Kf5 37. c4 b6 38. b4 a5 39. b5 Ke6 40. Ng6 h3 41. Nf4+ Kf5 42. Nd5 Bf1 43. Ne3+ 1-0

[Event "Khanty-Mansiysk Governor Cup"]
[Site "Khanty-Mansiysk"]
[Date "2007.11.28"]
[Round "7"]
[White "Abramov, Alexander"]
[Black "Stavskaya, Olga"]
[Result "1-0"]
[WhiteElo "2243"]
[BlackElo "2045"]
[PlyCount "59"]
[EventDate "2007.11.21"]
[EventType "swiss"]
[EventRounds "9"]
[EventCountry "RUS"]
[SourceTitle "CBM 121 Extra"]
[Source "ChessBase"]
[SourceDate "2008.01.10"]
[SourceVersion "1"]
[SourceVersionDate "2008.01.10"]
[SourceQuality "1"]

1. e4 c5 2. Nf3 Nc6 3. d4 cxd4 4. Nxd4 g6 5. Nc3 Bg7 6. Be3 Nf6 7. Bc4 0-0 8. Bb3 d6 9. f3 a6 10. Qd2 Na5 11. Bh6 b5 12. Bxg7 Kxg7 13. 0-0-0 Bd7 14. g4 Nxb3+ 15. cxb3 a5 16. h4 a4 17. b4 Rc8 18. Kb1 h5 19. gxh5 Nxh5 20. Rhg1 Rh8 21. f4 Rc4 22. e5 Qc8 23. Nd5 Bf5+ 24. Ka1 dxe5 25. fxe5 Rd8 26. Nxf5+ Qxf5 27. Nxe7 Rxd2 28. Nxf5+ Kh7 29. Rxd2 gxf5 30. Rd7 1-0